00653nam a22001577a 4500008004100000040005500041080001900096245004400115260004600159300001500205500007400220650001400294942001300308999001700321952015700338230706b |||||||| |||| 00| 0 eng d aNational Science LibrarycNational Science Library aR 058(4/9)bM7 aEuropa year book 1987: bA world survey aLondon: bEuropa Publications Ltd, c1987 axx, 1616p. aVol. I Part 1 International organization Part 2 Afghanistan - Jordan  aYear book 2udccYBK c55911d55911 00102udc3Vol. 1, 1987406R_05849_M770999667aNSLbNSLcGF/Rk-6/C-22/R-3d1988-02-25l0oR 058(4/9) M7p168976r2024-06-27 00:00:00w1988-02-25yYBK